00293nam a2200121Ia 4500008004000000041000800040082001200048100001500060245002100075260005000096650001000146650001500156210210b1933 xxu||||| |||| 00| 0 eng d aeng a330/413 aSHAH (K T) aWorld depression aMadrasbThe National Publishing Companyc1933 aWorld adepression